书目信息 |
| 题名: |
三国志选注
|
|
| 作者: | 缪钺 | |
| 分册: | 上 | |
| 出版信息: | 北京 中华书局 30836 |
|
| 页数: | 308页 | |
| 开本: | 20cm | |
| 丛书名: | ||
| 单 册: | ||
| 中图分类: | K236.11 | |
| 科图分类: | ||
| 主题词: | 中国--古代史--封建社会 | |
| 电子资源: | ||
| ISBN: | ||
| 000 | 00579nam0 2200193 450 | |
| 001 | 0728815141 | |
| 005 | 20070819080015.14 | |
| 010 | @d¥3.70 | |
| 100 | @a20070819d km y0chiy0120 ea | |
| 101 | 0 | @achi |
| 200 | 1 | @a三国志选注@Asan guo zhi xuan zhu@e中华文史哲名著选读@h上@f缪钺@Fmiao yue |
| 210 | @a北京@c中华书局@d30836 | |
| 215 | @a308页@d20cm | |
| 517 | 1 | @a中华文史哲名著选读@Azhong hua wen shi zhe ming zhu xuan du |
| 606 | 0 | @a中国@x古代史@x封建社会 |
| 690 | @aK236.11@v3 | |
| 701 | 0 | @a缪钺@Amiao yue |
| 801 | 0 | @aCN@bPFT@c20070819 |
| 905 | @a213230@dK236.11@eZW43:2@f1 | |
| 三国志选注:中华文史哲名著选读.上/缪钺.-北京:中华书局,30836 |
| 308页;20cm |
| ISBN :¥3.70 |
| ● |
| 相关链接 |
|
|
|
|
正题名:三国志选注
索取号:K236.11/ZW43:2
 
预约/预借
| 序号 | 登录号 | 条形码 | 馆藏地/架位号 | 状态 | 备注 |
| 1 | 7601791 | 276017917 | 密集书库-文学院/ [索取号:K236.11/ZW43:2] | 在馆 | |
| 2 | 7601792 | 276017926 | 密集书库-文学院/ [索取号:K236.11/ZW43:2] | 在馆 |